00956nam a22002657a 4500001000500000005001700005020002500022040002300047050002300070082001600093100001700109245008300126250002100209260003100230300004100261505000800302520021800310521002000528521002000548650002200568650002300590650002200613650002000635700003500655101420241126112508.0 a0374326029 :c$11.95 aDLCcDLCdDLCbeng00aPZ7.D1515bGi 198500a823.9142201 aDahl, Roald.14aThe giraffe and the pelly and me /cRoald Dahl ; illustrated by Quentin Blake. a1st American ed. aNew York :bPuffin,c1985. a79 pages :billustrations, c20 cm.  aW  aA small boy with a desire to own a candy shop meets a window-washing team of a giraffe, a pelican, and a monkey and together they go to work for the wealthy Duke of Hampshire, who makes all their dreams come true. a840 bLexile  aW bRaz-Plus  1aGiraffexFiction. 1aPelicansxFiction. 1aMonkeysxFiction. 1aCandyxFiction.1 aBlake, Quentin,eillustrator.